Wo haben die Spieler gespielt? Fußball Deutschland Pt. 4 - Statistiken

Allgemein
  • Dieses Quiz wurde 125 mal gespielt
  • Das Durchschnittsergebnis liegt bei 9 aus 12
Antwortstatistiken
Spieler Team % Korrekt
Hasan SalihamidžićDaniel Van Buyten Filip Kostic Bobby Wood Heung-Min Son Hamburger SV
97%
Karim HagguiTimo Baumgartl Shinji Okazaki Dennis Aogo Kevin Kurányi VfB Stuttgart
92%
Andreas OttlAndrew Sinkala Marwin Hitz Gojko Kačar Piotr Trochowski FC Augsburg
89%
CacauRüdiger Abramczik Timothy Chandler Stefan Kießling İlkay Gündoğan 1. FC Nürnberg
84%
Bastian OczipkaKevin-Prince Boateng Sonny Kittel Marc Oliver Kempf Constant Djakpa Eintracht Frankfurt
81%
Tobias LevelsOliver Barth Kenan Karaman Benito Raman Axel Bellinghausen Fortuna Düsseldorf
77%
Julian BaumgartlingerJan Zimmermann Daniel Adlung Lars Bender Julian Weigl 1860 München
66%
Sören BrandyChristian Gentner Benjamin Köhler Yunus Malli Marius Bülter 1. FC Union Berlin
65%
Peer KlugeGuilherme Ramos Gonzalo Castro Oliver Neuville Jonathan Clauss Arminia Bielefeld
63%
Fabian SchleusenerAlexander Rossipal Dennis Geiger Philipp Förster Marc Schnatterer Waldhof Mannheim
53%
Christoph DafenerFlorian Krüger Nicky Adler Sören Bertram Dimitrij Nazarov Erzgebirge Aue
52%
Ivo IličevičBruno Labbadia Terrence Boyd Hamit Altintop Victor Pálsson Darmstadt 98
42%
Keine übereinstimmenden Quizze gefunden
Verteilung der Resultate
Anzahl Personen mit jedem Resultat
Perzentil nach korrekt beantworteten Fragen
Ihre Resultats-Entwicklung
Sie haben dieses Quiz noch nicht gespielt